Analýza aerodynamických vlastností jazdnej súpravy elektromobilu s prívesom
Na minha lista:
| Autor principal: | |
|---|---|
| Outros Autores: | |
| Formato: | Manuscrito Livro |
| Idioma: | eslovaco |
| Publicado em: |
Bratislava :
STU v Bratislave FEI,
2023
|
| Assuntos: | |
| Acesso em linha: | https://opac.crzp.sk/?fn=detailBiblioFormChildYRC1Q&sid=72C4190EA10FC8F71DD20AD508EF&seo=CRZP-detail-kniha |
| Tags: |
Sem tags, seja o primeiro a adicionar uma tag!
|
MARC
| LEADER | 00000ntm a22000003a 4500 | ||
|---|---|---|---|
| 001 | stuzp93481 | ||
| 003 | SK-STU | ||
| 005 | 20241205150752.8 | ||
| 007 | ta | ||
| 008 | 150427s2015----xo-----f-mn---000-0-slo-d | ||
| 040 | |a STU |b slo | ||
| 041 | 0 | |a slo | |
| 044 | |a xo | ||
| 100 | 1 | |a Papcun, Miroslav |u 030400 |4 aut |U FEI Fakulta elektrotechniky a informatiky |T FEI Ústav automobilovej mechatroniky |X 97995 |U E400 |Y 642 |7 97995 | |
| 242 | 0 | 1 | |a Analysis of aerodynamic properties of electric car with trailer |y eng |
| 245 | 1 | 0 | |a Analýza aerodynamických vlastností jazdnej súpravy elektromobilu s prívesom |
| 260 | |a Bratislava : |b STU v Bratislave FEI, |c 2023 | ||
| 300 | |a 77 s. | ||
| 650 | 4 | |a súprava automobilu |2 slo | |
| 650 | 4 | |a simulácia aerodynamického tunelu |2 slo | |
| 650 | 4 | |a analýza prúdenia |2 slo | |
| 650 | 4 | |a príves |2 slo | |
| 650 | 4 | |a Aerodynamika |2 slo | |
| 650 | 4 | |a Aerodynamics |2 eng | |
| 650 | 4 | |a trailer |2 eng | |
| 650 | 4 | |a lift |2 eng | |
| 650 | 4 | |a wind tunnel simulation |2 eng | |
| 650 | 4 | |a flow analysis |2 eng | |
| 700 | 1 | |a Gálik, Gabriel |u 030400 |k Z2 |4 ths |U FEI Fakulta elektrotechniky a informatiky |T FEI Ústav automobilovej mechatroniky |X 55772 |U E400 |Y 642 |7 A000055772 | |
| 856 | 4 | |u https://opac.crzp.sk/?fn=detailBiblioFormChildYRC1Q&sid=72C4190EA10FC8F71DD20AD508EF&seo=CRZP-detail-kniha | |